000 00295nam a22001337a 4500
008 170929b xxu||||| |||| 00| 0 eng d
020 _a9780872078338
041 _aeng
080 _a37
100 _a47
101 _aEDU
245 _aREVISITING SILENT READING
_cHIEBERT,E.H
942 _2udc
_cBK
999 _c30822
_d30822